| 000 | 00543nam a2200205Ia 4500 | ||
|---|---|---|---|
| 005 | 20220829101120.0 | ||
| 008 | 131103s9999 xx 000 0 und d | ||
| 020 |
_a743415019 _c4.5 |
||
| 040 | _aLoreto College | ||
| 041 | _aEnglish | ||
| 082 |
_aF _bCLA |
||
| 100 | _aClark, Mary Higgins | ||
| 245 |
_aDeck the Halls _cMary Higgins Clark and Carol Higgins Clark |
||
| 260 |
_aLondon _bPocket Books _c2000 |
||
| 300 | _a202p, 17 c.m. | ||
| 650 | _aFiction, Suspense | ||
| 700 | _aClark, Carol Higgins | ||
| 850 | _aLCLIB | ||
| 942 | _cBK | ||
| 999 |
_c2173 _d52652 |
||